000 00388nam a22001697a 4500
005 20160629154728.0
008 160629b xxu||||| |||| 00| 0 eng d
020 _a978-93-5014-315-5
041 _aeng
082 _b15495
100 _aGill, P S
_93222
245 _aEngineering Drawing
260 _bKatson
_c2012
300 _a671
650 _aDiploma Engineering
_9817
942 _cBK
999 _c4738
_d4736